Top 50 Most Streamed Future Songs - Statistics

General Stats
  • This quiz has been taken 57 times
  • The average score is 18 of 50
Answer Stats
Hint Answer % Correct
6 Like That
89%
1 Mask Off
87%
7 Solo
84%
9 Type Shit
82%
2 Life Is Good
79%
4 WAIT FOR U
66%
22 Codeine Crazy
61%
3 Low Life
61%
44 We Don't Trust You
61%
5 Jumpman
55%
11 Fuck Up Some Commas
53%
20 March Madness
53%
49 Throw Away
50%
25 Stick Talk
47%
16 Cinderella
45%
27 We Still Don't Trust You
45%
8 PUFFIN ON ZOOTIEZ
42%
41 Young Metro
42%
43 712PM
39%
15 The Percocet & Stripper Joint
37%
47 Draco
34%
32 Thought It Was a Drought
34%
13 Where Ya at
34%
17 Wicked
34%
10 Fine China
32%
33 I Serve the Base
32%
35 Jersey
32%
29 Digital Dash
29%
30 I'M ON ONE
29%
24 Too Comfortable
29%
31 First Off
24%
34 Scholarships
24%
21 Used To This
24%
18 Comin Out Strong
21%
38 Crushed Up
21%
12 Drankin N Smokin
21%
46 I'm so Groovy
21%
42 Live From The Gutter
21%
26 LOVE YOU BETTER
21%
48 Patek Water
21%
50 Plastic Bag
18%
28 Solitaires
18%
45 Hard To Choose One
16%
40 Married To The Game
16%
39 Trap Niggas
16%
37 Realer N Realer
13%
19 Hard Work Pays Off
11%
36 Too Much Sauce
11%
14 Selfish
8%
23 Grammys
5%
No matching quizzes found
Score Distribution
Percent of People with Each Score
Percentile by Number Answered
Your Score History
You have not taken this quiz